000 00572nam a2200217Ia 4500
001 14773
003 GE_BSU
008 181216s||||||||xx |||||||||||||| ||und||
040 _cGE_BSU
080 _a621.391
100 _aАрбис,М.
245 _aМозг,машина и математика
245 _cПод.ред.М.И.Кратко
260 _aМосква
260 _bНаука
260 _c1968
300 _a224стр.20см.
300 _eБиблиогр.: стр.217
653 _aМозг,машина и математика
942 _cBK
999 _c47896
_d47896